000 00585nam a2200217 i 4500
001 C2-0106280
003 PPAK
005 20180727101856.0
008 970614s1975 my |||| ||||| | may d
040 _aPPAK
_beng
_cPPAK
_erda
082 0 4 _a959.5
_223
090 0 0 _a959.5
_bKAR
_dKK
245 0 0 _aKarangan sejarah Malaysia 1975
264 1 _aKuala Lumpur :
_bPersatuan Sejarah Malaysia ,
_c1975
300 _a116 pages ;
_c32 cm
336 _2rdacontent
_atext
337 _2rdamedia
_aunmediated
338 _2rdacarrier
_avolume
650 1 0 _aMalaysia - History
942 _ddc
_cB
999 _c25927
_d25927